Premier League Appearances by Nationality: Northern Ireland - Statistics

General Stats
  • This quiz has been taken 11 times
  • The average score is 3 of 10
Answer Stats
Appearances Player % Correct
386 Jonny Evans
100%
269 Chris Brunt
44%
203 Gareth McAuley
33%
306 Steven Davis
33%
455 Aaron Hughes
11%
158 Chris Baird
11%
239 Keith Gillespie
11%
197 Michael Hughes
11%
234 Steve Lomas
11%
178 Damien Johnson
0%
No matching quizzes found
Score Distribution
Percent of People with Each Score
Percentile by Number Answered
Your Score History
You have not taken this quiz